Shane Black Filmography - Statistics

General Stats
  • This quiz has been taken 2 times
  • The average score is 11 of 45
Answer Stats
Type Year Name % Correct
Film Screenplay 1987 Lethal Weapon
100%
Film Cameo 1987 Lethal Weapon
100%
TV Show Writer 2016 Lethal Weapon
100%
Film Story 1989 Lethal Weapon 2
100%
Film Director 2013 Iron Man 3
50%
Film Screenplay 2013 Iron Man 3
50%
Film Director 2005 Kiss Kiss Bang Bang
50%
Film Screenplay 2005 Kiss Kiss Bang Bang
50%
Film Story 2005 Kiss Kiss Bang Bang
50%
Film Screenplay 1993 Last Action Hero
50%
Short Film Acting Role 2013 Marvel One-Shot: Agent Carter
50%
Film Director TBA Play Dirty
50%
Film Screenplay TBA Play Dirty
50%
Film Production TBA Play Dirty
50%
Film Director 2016 The Nice Guys
50%
Film Screenplay 2016 The Nice Guys
50%
Film Director 2018 The Predator
50%
Film Screenplay 2018 The Predator
50%
Film Cameo 1997 An Alan Smithee Film: Burn Hollywood Burn
0%
Film Cameo 2015 Any Day
0%
Film Cameo 1997 As Good as It Gets
0%
Short Film Screenplay 2006 A.W.O.L.
0%
Short Film Production 2006 A.W.O.L.
0%
TV Show Acting Role 1991, 1992, 1993 Dark Justice
0%
Film Cameo 1988 Dead Heat
0%
Film Director TBA Doc Savage
0%
Film Screenplay TBA Doc Savage
0%
TV Film Director 2015 Edge
0%
TV Film Screenplay 2015 Edge
0%
TV Film Production 2015 Edge
0%
Short Film Acting Role 1993 Mike the Detective
0%
Film Cameo 2007 Monkeys
0%
Film Cameo 1986 Night of the Creeps
0%
Film Cameo 1994 Night Realm
0%
Film Cameo 1993 RoboCop 3
0%
Film Cameo 2017 Swing State
0%
Short Film Acting Role 2002 The Boy Scout
0%
Film Cameo 1990 The Hunt for Red October
0%
Film Screenplay 1991 The Last Boy Scout
0%
Film Screenplay 1991 The Last Boy Scout
0%
Film Production 1991 The Last Boy Scout
0%
Film Screenplay 1996 The Long Kiss Goodnight
0%
Film Production 1996 The Long Kiss Goodnight
0%
Film Screenplay 1987 The Monster Squad
0%
Short Film Acting Role 2018 Wild Nothing
0%
No matching quizzes found
Score Distribution
Percent of People with Each Score
Percentile by Number Answered
Your Score History
You have not taken this quiz